| 000 | 00880nam a22002537a 4500 | ||
|---|---|---|---|
| 005 | 20260428152644.0 | ||
| 008 | 260428b |||||||| |||| 00| 0 eng d | ||
| 020 | _a9789352879700 (pbk) | ||
| 037 | _cREF | ||
| 040 |
_aCRL _cCRL |
||
| 041 |
_2eng _aeng |
||
| 084 |
_aY58235:1.225 L8;R0 (RR) _qCRL |
||
| 100 |
_aLeonard, Karen Isaksen _91235904 |
||
| 245 |
_aSocial history of an indian caste: _bthe kayasths of Hyderabad |
||
| 250 | _a3rd Ed. | ||
| 260 |
_aHyderabad, India: _bOrient Blackswan Private Limited, _c2020. |
||
| 300 | _axxv, 381p. | ||
| 365 |
_b1660.00 _cINR |
||
| 650 | _aSociology | ||
| 650 | _aCaste | ||
| 650 | _aCulture | ||
| 942 |
_2CC _cREF _e3rd Ed. _hY58235:1.225 L8;R0 (RR) _n0 |
||
| 999 |
_c1848604 _d1848604 |
||